000 00366 a2200121 4500
001 ART_44975
005 20260410162039.0
008 260409a
245 1 0 _aLos mercados de trabajo agrarios en la Argentina
100 1 _aBenencia, Roberto
700 1 _aQuaranta, Germán
773 0 _tEstudios del trabajo
_g- N° 32 (jul./dic. 2006)
_wREV44896
999 _c34716
_d34716